Construction (Record no. 110979)

MARC details
000 -LEADER
fixed length control field 00953cam a22002175a 4500
001 - CONTROL NUMBER
control field L150779
008 - FIXED-LENGTH DATA ELEMENTS--GENERAL INFORMATION
fixed length control field 100902s2010 xxk f 000 0 eng d
035 ## - SYSTEM CONTROL NUMBER
System control number (Sirsi) u150779
041 0# - LANGUAGE CODE
Language code of text/sound track or separate title eng
050 04 - LIBRARY OF CONGRESS CALL NUMBER
Classification number 690.026 $2 18
110 2# - MAIN ENTRY--CORPORATE NAME
Corporate name or jurisdiction name as entry element CMS Cameron McKenna
9 (RLIN) 5874
245 00 - TITLE STATEMENT
Title Construction
Remainder of title sub-contractors, concurrent duty of care in contract and tort
Medium [electronic resource]
260 ## - PUBLICATION, DISTRIBUTION, ETC.
Place of publication, distribution, etc. London
Name of publisher, distributor, etc. CMS Cameron McKenna LLP
Date of publication, distribution, etc. 2010
490 #0 - SERIES STATEMENT
Series statement Law-Now Article
520 ## - SUMMARY, ETC.
Summary, etc. The Technology and Construction Court (TCC) has held that a sub-contractor may owe a duty in tort to its direct contractor, in addition to the duties it owes in contract.
590 ## - LOCAL NOTE (RLIN)
Local note KA NTK
651 #4 - SUBJECT ADDED ENTRY--GEOGRAPHIC NAME
Geographic name England and Wales
Chronological subdivision 1543-
690 ## - LOCAL SUBJECT ADDED ENTRY--TOPICAL TERM (OCLC, RLIN)
Topical term or geographic name as entry element Construction management
9 (RLIN) 6230
856 40 - ELECTRONIC LOCATION AND ACCESS
Uniform Resource Identifier <a href="https://www.law-now.com/DirectMail/%7B82F736C1-3B25-4FB6-BF34-3DA96194FBD0%7D_construction%20subcontractorssept10.htm">https://www.law-now.com/DirectMail/%7B82F736C1-3B25-4FB6-BF34-3DA96194FBD0%7D_construction%20subcontractorssept10.htm</a>
Public note View the item free of charge at www.law-now.com
942 ## - ADDED ENTRY ELEMENTS (KOHA)
Suppress in OPAC 0
Holdings
Withdrawn status Lost status Source of classification or shelving scheme Damaged status Not for loan Home library Current library Shelving location Date acquired Total Checkouts Full call number Barcode Date last seen Copy number Price effective from Koha item type
    Dewey Decimal Classification     Virtual Virtual Online 02/09/2010   ONLINE PUBLICATION 150779-1001 06/08/2019 1 06/08/2019 Book